Quizzes
Events
Quiz Creation
Community
Videos
Private Events
Remove Ads
Sign In
Join for FREE
Feedback
Dark Mode
Quiz Categories
Sports
Geography
Music
Movies
Television
Just For Fun
Miscellaneous
History
Literature
Language
Science
Gaming
Entertainment
Religion
Holiday
For Kids
Quiz Lab
Recent
Popular Today
Quiz Kudos Today
Editor Picks
Curator Picks
Quizzes by...
Day
Popularity
Type
Ratings
Length
Year
Community
Subscriptions
Recent Discussions
Orange Saloon
Badges
Playlists
Quests
Create
Leaderboards
Showdown
Live 5
Trivia Bingo
Activity
Puzzle Library
Sporcle Events
Private Events
Virtual Trivia
Globe League
Become a Host
Pub Owners
SporcleCon
Opinionation
Our Games
Videos
Blog
Mobile Apps
Partnerships
Remove Ads and Go Orange
Feedback
Gaming
Video Games
Board Games
Card Games
Pokémon
Mario
Nintendo
Minecraft
Console
Toys
Legend of Zelda
Gaming
Video Games
Board Games
Card Games
Pokémon
Mario
Nintendo
Minecraft
Console
Toys
Legend of Zelda
Random Quiz
Search Sporcle
×
Quiz Lab
Quiz Lab
Gaming
Different
Type in answers that appear in a list
Type in answers that appear in a list
Classic
Best Score? Go Orange.
Trivial Baten Kaitos Stats
Can you name the different trivia from Baten Kaitos?
By
blademan
17m
50 Questions
93 Plays
93 Plays
93 Plays
Comments
Comments
Give Quiz Kudos
Give Quiz Kudos
-
- Ratings
hide this ad
Forced Order
Answers have to be entered in order
Answers have to be entered in order
Replay
Link that replays current quiz
Next Quiz
Link to next quiz in quiz playlist
You Got
0%
They Got
Avg Score
43%
Avg Friend Score
Upgrade to see
Score Distribution
Jump to the score distribution portion of the page
Score
0/50
Timer
17:00
0
Plays Today
% Correct
The 'Che' End Magnus
83.9%
Seven
83.9%
Bow, Shield, Halberd, and Axe
80.6%
Gram and Leon
79.6%
Thirteen
71%
Opu
71%
Nineteen
68.8%
Folon
67.7%
Parnasse
63.4%
Chronos
63.4%
Fifty
61.3%
Binding Winds and Fangs of Darkness
60.2%
Sheliak
59.1%
Azdar
58.1%
Swallowtail Birds
57%
Cedr
54.8%
Vallye
53.8%
Golden Pick Axe, Thunderfish Bone, Delinquency Stone, and Adventure Novel
51.6%
Ten
49.5%
Balancoire
48.4%
Thunderfish
48.4%
Thirty-One
44.1%
Iron Beetle I
44.1%
Master Tisocco
43%
Seven Seconds
41.9%
% Correct
Clucker
38.7%
The Imperial Fortress
37.6%
The Fool
36.6%
Gomesia
35.5%
Phantasm
35.5%
Kodelle
34.4%
Capella
34.4%
Coccolith
29%
Level 50
26.9%
Jack-in-the-box
26.9%
Pegasus Anklet
25.8%
Sowzana
25.8%
Rabbih
23.7%
Kaffaljidhma
23.7%
Broken Birdie
23.7%
Rainbow Ash
22.6%
Pekusa Seaweed
21.5%
Wind God Blade
21.5%
Seventy-two
21.5%
HPMAX +120
21.5%
Pendulum Blast, Special Attack VII for Gibari
19.4%
Mana Stone
19.4%
Platinum Earrings
18.3%
306%
17.2%
The Peach Boy, Dog Carving, Monkey Carving, and Pheasant Carving
16.1%
Quiz Playlist
Details
Report
Send in Message
Add To Playlist
Classic:
Type in answers that appear in a list
Forced Order:
Answers have to be entered in order
Last Updated: Feb 16, 2017
Quiz Scoreboard
CHALLENGE
Sign Up to Join the Scoreboard
Show All
Scores
Hide
Comments
May contain spoilers
Recently Published
Pick 6: Fruits
by JohnFran
Miscellaneous
15s
Click the 1999 NBA Draft
by nibperrychub
Sports
2m
Alphabetical 'K' Countries by Flag Minefield
by ylime102
Geography
3m
More to Explore
Quiz From the Vault
Featured Blog Post
15 Basketball Trivia Facts You Can Be March Mad About
hide this ad
You Might Also Like...
Tags
Baten Kaitos
Different
kaimo
Today's Top Quizzes in Gaming
Browse Gaming
hide this ad
Today's Top Quizzes in Different
Browse Different
Top Contributed Quizzes in Gaming
1
Pokémon Gen IV Logic Puzzle (HARD)
2
Order Genshin Impact characters by release date!
3
HARD Pokemon Logic Puzzle
4
Honkai: Star Rail Technique Names Quiz
5
Genshin Impact Logic Puzzle Quiz
6
Danganronpa Sorting Blitz
7
Pokémon Logic Puzzle (DIFFICULT)
8
Genshin Impact Logic Puzzle Quiz II
9
Animal Crossing Neighbors (Clickable)
10
Overwatch Logic Puzzle
Explore More
Trending Topics
Kpop
Marvel
NBA
Harry Potter
Disney
Crossword
Anime
Puzzle
Soccer
The Office
Country
Pokémon
NFL
WWE
Song
hide this ad
More By:
blademan
Quiz
Plays
Rating
Category
Featured
Created
The Elder Scrolls V: Skyrim Dragon Shouts
2,513
5.00
Gaming
Nov 27, 2011
Xenoblade Chronicles: Arts
1,766
5.00
Gaming
May 9, 2012
The Symphony of Gaming
367
4.22
Gaming
Aug 3, 2010
Flyff Skills
103
4.00
Gaming
Nov 13, 2009
Trivial Baten Kaitos
93
5.00
Gaming
Dec 20, 2009
Go to Creator's Profile
Score Distribution
Quiz Creator Spotlight
blademan
Follow
Send a Message
Quizzes Created
-
Created Quiz Play Count
-
More By This Creator
Popular Quizzes Today
1
Find the US States - No Outlines Minefield
2
Countries of Asia Without Outlines Minefield
3
Pick 6: Fruits
4
The Countries of the World
5
Alphabetical 'K' Countries by Flag Minefield
6
Find the US States
7
Match the Book to the Film X
8
Click the 1999 NBA Draft
More Gaming Quizzes
Logic: Chessmen IV
Quiz Lab
Trending Quizzes
Pick 6: Harry Potter
Pick 6: Mountains
Pick 6: NFL Teams
Pick 6: Movie Franchises
Pick 6: Golfers
Recently Updated
Women's Final Four Teams by Year
bhenderson79
Presidents Quartet II
eogle
Anything But Clue(do)
eogle
Anything But Oceanian Capitals
eogle
Anything But 7
eogle
Anything But Thing
eogle
Word Ladder: February 29
pecheneg
Song Title Questions
pecheneg
Women's NCAA Tournament #1 Seeds
pecheneg
Celebrity Mug Shots
pecheneg
Trending Topics
Kpop
Anime
Harry Potter
Marvel
Crossword
Disney
NBA
Pokémon
Country
WWE
Song
The Office
Soccer
Puzzle
NFL
Your Account Isn't Verified!
In order to create a playlist on Sporcle, you need to verify the email address you used during registration. Go to your
Sporcle Settings
to finish the process.
Report this User
Report this user for behavior that violates our
Community Guidelines
.
Details:
Send Report
Go to the Sporcle.com Mobile Site →
Comments